| 000 -ლიდერი |
| ფიქსირებული სიგრძის საკონტროლო ველი |
01460nam a2200289Ia 4500 |
| 001 - საკონტროლო ნომერი |
| საკონტროლო ველი |
1727 |
| 003 - საკონტროლო ნომრის იდენტიფიკატორი |
| საკონტროლო ველი |
GE_BSU |
| 005 - ბოლო ოპერაციის თარიღი და დრო |
| საკონტროლო ველი |
20240124100411.0 |
| 008 - ფიქსირებული სიგრძის მონაცემთა ელემენტები - ზოგადი ინფორმაცია |
| ფიქსირებული სიგრძის საკონტროლო ველი |
181216s2010||||ge |||||||||||||| ||geo|| |
| 020 ## - წიგნის საერთაშორისო სტანდარტული ნომერი |
| International Standard Book Number |
9789941101786 |
| 040 ## - კატალოგიზაციის წყარო |
| Transcribing agency |
GE_BSU |
| 041 ## - ენის კოდი |
| Language code of text/sound track or separate title |
geo |
| 080 ## - უნივერსალური ათობითი კლასიფიკაციის ინდექსი |
| Universal Decimal Classification number |
336.22(075.8)+336.221(075.8) ყ–24 |
| 100 ## - მთავარი ჩანაწერი - პიროვნების სახელი |
| Personal name |
ყამარაული, სულიკო |
| 9 (RLIN) |
695 |
| 245 ## - ცნობა სათაურის შესახებ |
| Title |
გადასახადები და დაბეგვრა : |
| Remainder of title |
სახელმძღვანელო / |
| Statement of responsibility, etc |
სულიკო ყამარაული, მზია ჩოკოლაშვილი, ლევან ყამარაული; ავტ. ჯგ. ხელმძღვ. და რედ. სულიკო ყამარაული. |
| 264 ## - წარმოების, გამოცემის, დისტრიბუციის და სხვა ცნობები |
| გამოცემის, წარმოების, დისტრიბუციის... ადგილი |
თბილისი : |
| გამოცემის, წარმოების, დისტრიბუციის... სახელწოდება |
მერიდიანი, |
| გამოცემის, წარმოების, დისტრიბუციის... თარიღი |
2010. |
| 300 ## - ფიზიკური აღწერა |
| Extent |
466 გვ. : |
| Other physical details |
ილ. ; |
| Dimensions |
20 სმ. |
| 500 ## - ზოგადი შენიშვნა |
| General note |
ტერმინთა განმარტებები: გვ. 452-458. |
| 504 ## - BIBLIOGRAPHY, ETC. NOTE |
| Bibliography, etc |
ბიბლიოგრ.: გვ. 459-462. |
| 653 ## - INDEX TERM--UNCONTROLLED |
| Uncontrolled term |
გადასახადები |
| 653 ## - INDEX TERM--UNCONTROLLED |
| Uncontrolled term |
დაბეგვრა |
| 700 ## - ADDED ENTRY--PERSONAL NAME |
| Personal name |
ჩოკოლაშვილი, მზია |
| Relator term |
ავტორი |
| 9 (RLIN) |
21096 |
| 700 ## - ADDED ENTRY--PERSONAL NAME |
| Personal name |
ყამარაული, ლევან |
| Relator term |
ავტორი |
| 9 (RLIN) |
21097 |
| 700 ## - ADDED ENTRY--PERSONAL NAME |
| Personal name |
ყამარაული, სულიკო |
| Relator term |
რედაქორი |
| 9 (RLIN) |
695 |
| 942 ## - ADDED ENTRY ELEMENTS (KOHA) |
| Koha item type |
წიგნი |
| Source of classification or shelving scheme |
|